Music Quiz

Random Music or Artist Quiz

Billie Eilish Song By Lyric Quiz Stats

 Plays Quiz not verified by Sporcle

Support Sporcle.
Go Orange.
Score 0/24 Timer 05:00
0 Plays Today
% Correct
???
65.7%
???
62.6%
???
60.6%
???
59.6%
???
58.6%
???
56.6%
???
55.6%
???
54.5%
???
52.5%
???
51.5%
???
51.5%
???
51.5%
% Correct
???
50.5%
???
50.5%
???
44.4%
???
44.4%
???
43.4%
???
43.4%
???
42.4%
???
41.4%
???
35.4%
???
30.3%
???
29.3%
???
25.3%

You're not logged in!

Compare scores with friends on all Sporcle quizzes.
OR
Log In

From the Vault

Movie Quotes: Jeopardy Style II

by cowtown

Playing this game may feel a little bit backwards, but just go with the flow.
Remove Ads.
Support Sporcle.
Get the best of Sporcle when you Go Orange. This ad-free experience offers more features, more stats, and more fun while also helping to support Sporcle. Thank you for becoming a member.

Show Comments

Extras

Top Quizzes Today


Score Distribution

Your Account Isn't Verified!

In order to create a playlist on Sporcle, you need to verify the email address you used during registration. Go to your Sporcle Settings to finish the process.

Report this User

Report this user for behavior that violates our Community Guidelines.

Details: